000 00424nam a2200169Ia 4500
008 121010t1990 xxu||||| |||| 00| 0 sin d
041 _asin
080 _a8 S 31
_bPON
100 _aPonseka,Kulasena
245 _aවිය සිදුර
246 _aWiya Sidura
260 _bSara Publishers
_aPannipitiya
_c1990
300 _a174p., 18 cm
942 _cBK
999 _c70679
_d70679
003 LK-CoDNM
040 _aLK-CoDNM
_dLK-CoDNM
_eLK-CoDNM